[Event "IIFL WEALTH VI Under-13 2021"]
[Site "Mumbai"]
[Date "2022.01.07"]
[Round "9.5"]
[White "Bhoir Paras Dilip"]
[Black "Midilesh MS"]
[Result "1-0"]
[WhiteElo "1236"]
[BlackElo "1671"]
[Annotator "NA RC"]
[PlyCount "116"]
[EventDate "2021.12.30"]
[EventType "swiss"]
[EventCountry "IND"]
[SourceTitle "playchess.com"]
[Source "ChessBase"]
[SourceQuality "1"]
[TimeControl "5400+30"]

1. e4 c5 {[%emt 0:00:59]} 2. Nf3 {[%emt 0:00:10]} e6 {[%emt 0:00:06]} 3. c3 {[%emt 0:01:26]} a6 {[%emt 0:01:21]} 4. d4 {[%emt 0:01:11]} cxd4 {[%emt 0:00:16]} 5. cxd4 {[%emt 0:00:49]} d6 {[%emt 0:00:09]} 6. Bd3 {[%emt 0:01:44]} Nd7 {[%emt 0:07:04]} 7. Nc3 {[%emt 0:01:51]} b5 {[%emt 0:00:11]} 8. a3 {[%emt 0:00:42]} Bb7 {[%emt 0:00:32]} 9. Bf4 {[%emt 0:02:30]} Ngf6 {[%emt 0:02:36]} 10. Rc1 {[%emt 0:01:14]} Be7 {[%emt 0:09:55]} 11. O-O {[%emt 0:02:44]} O-O {[%emt 0:01:58]} 12. Qe2 {[%emt 0:02:51]} Re8 {[%emt 0:10:21]} 13. Rfd1 {[%emt 0:10:45]} Nb6 {[%emt 0:04:49]} 14. Nb1 {[%emt 0:07:56]} Nfd7 {[%emt 0:04:17]} 15. h4 {[%emt 0:04:24]} f6 {[%emt 0:21:14]} 16. Nbd2 {[%emt 0:03:14]} Nf8 {[%emt 0:05:16]} 17. Nf1 {[%emt 0:01:51]} Qd7 {[%emt 0:02:55]} 18. e5 {[%emt 0:13:16]} f5 {[%emt 0:07:18]} 19. Bg3 {[%emt 0:07:20]} d5 {[%emt 0:00:44]} 20. h5 {[%emt 0:03:03]} Qd8 {[%emt 0:06:15]} 21. Bf4 {[%emt 0:01:22]} g5 {[%emt 0:07:08]} 22. hxg6 {[%emt 0:03:22]} hxg6 {[%emt 0:00:14]} 23. g4 {[%emt 0:00:31]} g5 {[%emt 0:05:33]} 24. Bd2 {[%emt 0:00:17]} f4 {[%emt 0:00:39]} 25. Ba5 {[%emt 0:01:13]} Rb8 26. a4 {[%emt 0:01:51]} bxa4 {[%emt 0:00:54]} 27. Bxa6 {[%emt 0:00:23]} Ra8 {[%emt 0:00:43]} 28. Bxb7 {[%emt 0:00:19]} Rxa5 {[%emt 0:00:00]} 29. Bc6 {[%emt 0:00:18]} Nfd7 {[%emt 0:00:10]} 30. Kg2 {[%emt 0:01:42]} Kg7 {[%emt 0:00:36]} 31. N1d2 {[%emt 0:00:43]} Rh8 {[%emt 0:01:14]} 32. Qd3 {[%emt 0:03:29]} Nf8 {[%emt 0:00:22]} 33. Rh1 {[%emt 0:02:01]} Rxh1 {[%emt 0:00:08]} 34. Rxh1 {[%emt 0:00:06]} Ng6 {[%emt 0:00:05]} 35. Kf1 {[%emt 0:02:59]} a3 {[%emt 0:00:23]} 36. bxa3 Rxa3 {[%emt 0:00:07]} 37. Qb1 {[%emt 0:00:47]} Qc7 {[%emt 0:01:25]} 38. Rh7+ {[%emt 0:01:31]} Kxh7 {[%emt 0:00:32]} 39. Be8 {[%emt 0:00:04]} Ra1 {[%emt 0:00:54]} 40. Qxa1 {[%emt 0:02:18]} Kg7 {[%emt 0:00:33]} 41. Kg2 {[%emt 0:02:09]} Qc8 {[%emt 0:00:32]} 42. Bxg6 {[%emt 0:00:09]} Kxg6 {[%emt 0:00:01]} 43. Qb1+ {[%emt 0:00:08]} Kg7 {[%emt 0:00:27]} 44. Qxb6 {[%emt 0:00:05]} Kf7 {[%emt 0:00:26]} 45. Nb3 {[%emt 0:00:48]} Kg7 {[%emt 0:00:52]} 46. Nc5 {[%emt 0:00:17]} Kf7 {[%emt 0:00:02]} 47. Qb7 {[%emt 0:00:21]} Qxb7 {[%emt 0:00:35]} 48. Nxb7 {[%emt 0:00:06]} Kg6 {[%emt 0:00:14]} 49. Kf1 {[%emt 0:00:14]} Kf7 {[%emt 0:00:19]} 50. Ke2 {[%emt 0:00:08]} Kg6 {[%emt 0:00:02]} 51. Kd3 {[%emt 0:00:31]} Kf7 {[%emt 0:00:02]} 52. Kc3 {[%emt 0:00:24]} Kg6 {[%emt 0:00:02]} 53. Kb3 {[%emt 0:00:35]} Kf7 {[%emt 0:00:05]} 54. Ka4 {[%emt 0:00:06]} Kg6 {[%emt 0:00:05]} 55. Kb5 {[%emt 0:00:09]} Kf7 {[%emt 0:00:02]} 56. Kc6 {[%emt 0:00:09]} Kg7 {[%emt 0:00:12]} 57. Kd7 {[%emt 0:00:08]} Kf8 {[%emt 0:00:03]} 58. Nd6 {[%emt 0:00:07]} Bxd6 {[%emt 0:00:08]} 1-0